000 00632cam a2200145 4500500
005 20251228053358.0
041 _afre
042 _adc
100 1 0 _aLenhof, Jean-Louis
_eauthor
245 0 0 _aNathalie Petiteau, Lendemains d’Empire. Les soldats de Napoléon dans la France du xixe siècle, Paris, La Boutique de l’Histoire, 2003, 400 p., 22 €, isbn 2910828298
260 _c2005.
500 _a13
786 0 _nHistoire & Sociétés Rurales | 24 | 2 | 2005-10-01 | p. 171zc-276zc | 1254-728X
856 4 1 _uhttps://shs.cairn.info/revue-histoire-et-societes-rurales-2005-2-page-171zc?lang=fr&redirect-ssocas=7080
999 _c1585298
_d1585298